<?xml version="1.0" encoding="UTF-8"?>
<record
    xmlns:xsi="http://www.w3.org/2001/XMLSchema-instance"
    xsi:schemaLocation="http://www.loc.gov/MARC21/slim http://www.loc.gov/standards/marcxml/schema/MARC21slim.xsd"
    xmlns="http://www.loc.gov/MARC21/slim">

  <leader>01207cam a2200265 i 4500</leader>
  <controlfield tag="003">SA-RiAUC</controlfield>
  <controlfield tag="005">20241224075945.0</controlfield>
  <controlfield tag="008">241220s2000    su     g      10000 ara c</controlfield>
  <datafield tag="040" ind1=" " ind2=" ">
    <subfield code="a">SA-JeALM</subfield>
    <subfield code="b">ara</subfield>
    <subfield code="c">SA-RiAUC</subfield>
    <subfield code="e">rda</subfield>
  </datafield>
  <datafield tag="082" ind1="0" ind2="4">
    <subfield code="a">330.121</subfield>
  </datafield>
  <datafield tag="090" ind1=" " ind2=" ">
    <subfield code="a">330.121</subfield>
    <subfield code="b">&#x646; &#x62F; &#x648;</subfield>
  </datafield>
  <datafield tag="111" ind1="2" ind2=" ">
    <subfield code="a">&#x646;&#x62F;&#x648;&#x629; &#x627;&#x644;&#x62A;&#x637;&#x628;&#x64A;&#x642;&#x627;&#x62A; &#x627;&#x644;&#x627;&#x642;&#x62A;&#x635;&#x627;&#x62F;&#x64A;&#x629; &#x627;&#x644;&#x625;&#x633;&#x644;&#x627;&#x645;&#x64A;&#x629; &#x627;&#x644;&#x645;&#x639;&#x627;&#x635;&#x631;&#x629;</subfield>
    <subfield code="n">(43 :</subfield>
    <subfield code="d">1998 :</subfield>
    <subfield code="c">&#x627;&#x644;&#x62F;&#x627;&#x631; &#x627;&#x644;&#x628;&#x64A;&#x636;&#x627;&#x621;&#x60C; &#x627;&#x644;&#x645;&#x63A;&#x631;&#x628;)</subfield>
  </datafield>
  <datafield tag="245" ind1="1" ind2="2">
    <subfield code="a">&#x646;&#x62F;&#x648;&#x629; &#x627;&#x644;&#x62A;&#x637;&#x628;&#x64A;&#x642;&#x627;&#x62A; &#x627;&#x644;&#x627;&#x642;&#x62A;&#x635;&#x627;&#x62F;&#x64A;&#x629; &#x627;&#x644;&#x625;&#x633;&#x644;&#x627;&#x645;&#x64A;&#x629; &#x627;&#x644;&#x645;&#x639;&#x627;&#x635;&#x631;&#x629; :</subfield>
    <subfield code="b">&#x648;&#x642;&#x627;&#x626;&#x639; &#x627;&#x644;&#x646;&#x62F;&#x648;&#x629;... /</subfield>
    <subfield code="c">&#x62A;&#x62D;&#x631;&#x64A;&#x631; &#x639;&#x62B;&#x645;&#x627;&#x646; &#x628;&#x627;&#x628;&#x643;&#x631;.</subfield>
  </datafield>
  <datafield tag="250" ind1=" " ind2=" ">
    <subfield code="a">&#x627;&#x644;&#x637;&#x628;&#x639;&#x629; &#x627;&#x644;&#x623;&#x648;&#x644;&#x649;.</subfield>
  </datafield>
  <datafield tag="264" ind1=" " ind2="1">
    <subfield code="a">&#x62C;&#x62F;&#x629; :</subfield>
    <subfield code="b">&#x627;&#x644;&#x645;&#x639;&#x647;&#x62F; &#x627;&#x644;&#x625;&#x633;&#x644;&#x627;&#x645;&#x64A; &#x644;&#x644;&#x628;&#x62D;&#x648;&#x62B; &#x648;&#x627;&#x644;&#x62A;&#x62F;&#x631;&#x64A;&#x628; &#x627;&#x644;&#x628;&#x646;&#x643; &#x627;&#x644;&#x627;&#x633;&#x644;&#x627;&#x645;&#x64A; &#x644;&#x644;&#x62A;&#x646;&#x645;&#x64A;&#x629;&#x60C;</subfield>
    <subfield code="c">2000</subfield>
  </datafield>
  <datafield tag="300" ind1=" " ind2=" ">
    <subfield code="a">467 &#x635;&#x641;&#x62D;&#x629; &#x61B;</subfield>
    <subfield code="c">24 &#x633;&#x645;</subfield>
  </datafield>
  <datafield tag="336" ind1=" " ind2=" ">
    <subfield code="a">&#x646;&#x635;</subfield>
    <subfield code="b">txt</subfield>
    <subfield code="2">rdacontent</subfield>
    <subfield code="3">&#x643;&#x62A;&#x627;&#x628;</subfield>
  </datafield>
  <datafield tag="337" ind1=" " ind2=" ">
    <subfield code="a">&#x628;&#x62F;&#x648;&#x646; &#x648;&#x633;&#x64A;&#x637;</subfield>
    <subfield code="b">n</subfield>
    <subfield code="2">rdamedia</subfield>
  </datafield>
  <datafield tag="338" ind1=" " ind2=" ">
    <subfield code="a">&#x645;&#x62C;&#x644;&#x62F;</subfield>
    <subfield code="b">nc</subfield>
    <subfield code="2">rdacarrier</subfield>
  </datafield>
  <datafield tag="650" ind1=" " ind2="7">
    <subfield code="a">&#x627;&#x644;&#x625;&#x633;&#x644;&#x627;&#x645; &#x648;&#x627;&#x644;&#x627;&#x642;&#x62A;&#x635;&#x627;&#x62F;</subfield>
    <subfield code="2">aucsh</subfield>
  </datafield>
  <datafield tag="650" ind1=" " ind2="7">
    <subfield code="a">&#x627;&#x644;&#x645;&#x639;&#x627;&#x645;&#x644;&#x627;&#x62A; (&#x641;&#x642;&#x647; &#x625;&#x633;&#x644;&#x627;&#x645;&#x64A;)</subfield>
    <subfield code="2">aucsh</subfield>
  </datafield>
  <datafield tag="700" ind1="1" ind2=" ">
    <subfield code="a">&#x623;&#x62D;&#x645;&#x62F;&#x60C; &#x639;&#x62B;&#x645;&#x627;&#x646; &#x628;&#x627;&#x628;&#x643;&#x631;</subfield>
    <subfield code="e">&#x645;&#x62D;&#x631;&#x631;.</subfield>
  </datafield>
  <datafield tag="942" ind1=" " ind2=" ">
    <subfield code="2">ddc</subfield>
    <subfield code="c">BOOK</subfield>
    <subfield code="n">0</subfield>
  </datafield>
  <datafield tag="949" ind1=" " ind2=" ">
    <subfield code="a">SA-JeALM</subfield>
    <subfield code="d">241220</subfield>
    <subfield code="u">mohamedma123</subfield>
    <subfield code="n">1</subfield>
  </datafield>
  <datafield tag="952" ind1=" " ind2=" ">
    <subfield code="0">0</subfield>
    <subfield code="1">0</subfield>
    <subfield code="2">ddc</subfield>
    <subfield code="3">&#x627;&#x644;&#x62C;&#x632;&#x621; &#x627;&#x644;&#x627;&#x648;&#x644;</subfield>
    <subfield code="4">0</subfield>
    <subfield code="7">0</subfield>
    <subfield code="a">WAHAB</subfield>
    <subfield code="b">WAHAB</subfield>
    <subfield code="d">2024-12-24</subfield>
    <subfield code="l">0</subfield>
    <subfield code="o">330.121 &#x646; &#x62F; &#x648;</subfield>
    <subfield code="p">000006205</subfield>
    <subfield code="r">2024-12-24 08:00:52</subfield>
    <subfield code="w">2024-12-24</subfield>
    <subfield code="y">BOOK</subfield>
  </datafield>
  <datafield tag="952" ind1=" " ind2=" ">
    <subfield code="0">0</subfield>
    <subfield code="1">0</subfield>
    <subfield code="2">ddc</subfield>
    <subfield code="3">&#x627;&#x644;&#x62C;&#x632;&#x621; &#x627;&#x644;&#x62B;&#x627;&#x646;&#x64A;</subfield>
    <subfield code="4">0</subfield>
    <subfield code="7">0</subfield>
    <subfield code="a">WAHAB</subfield>
    <subfield code="b">WAHAB</subfield>
    <subfield code="d">2024-12-24</subfield>
    <subfield code="l">0</subfield>
    <subfield code="o">330.121 &#x646; &#x62F; &#x648;</subfield>
    <subfield code="p">000006212</subfield>
    <subfield code="r">2024-12-24 08:19:29</subfield>
    <subfield code="w">2024-12-24</subfield>
    <subfield code="y">BOOK</subfield>
  </datafield>
  <datafield tag="999" ind1=" " ind2=" ">
    <subfield code="c">3866</subfield>
    <subfield code="d">3866</subfield>
  </datafield>
</record>
